000 00312nam a2200133Ia 4500
008 191201s2010 xx 000 0 und d
100 _aHULL, John C
245 0 _aOptions,Futures and Other Derivatives
250 _a7th
260 _aN.Delhi
_bPearson
_c2010
300 _a841
650 _aMBA
942 _2ddc
_cBK
999 _c4129
_d4129